Southville International School and Colleges
Your cart is empty.
  • Cart
  • Lists
    Public lists Eva Luna New books Lux_list list_1
    Your lists Log in to create your own lists
  • Log in to your account
  • Your cookies
  • Search history
Southville International School and Colleges
  • Advanced search
  • Recent comments
  • Most popular
  • Libraries

Log in to your account

Log in with GOOGLE


If you do not have an external account, but do have a local account, you can still log in:

  1. Home
  2. MARC view: Alex Rodriguez /
Normal view MARC view ISBD view

Alex Rodriguez / (Record no. 9646)

[ view plain ]
MARC details
000 -LEADER
fixed length control field 01274cam a22003734a 4500
001 - CONTROL NUMBER
control field 12441683
003 - CONTROL NUMBER IDENTIFIER
control field OSt
005 - DATE AND TIME OF LATEST TRANSACTION
control field 20140310182128.0
008 - FIXED-LENGTH DATA ELEMENTS--GENERAL INFORMATION
fixed length control field 010614s2002 mnua c b 001 0 eng
010 ## - LIBRARY OF CONGRESS CONTROL NUMBER
LC control number 2001003636
020 ## - INTERNATIONAL STANDARD BOOK NUMBER
International Standard Book Number 073681051X
040 ## - CATALOGING SOURCE
Original cataloging agency DLC
Transcribing agency DLC
Modifying agency DLC
042 ## - AUTHENTICATION CODE
Authentication code pcc
-- lcac
043 ## - GEOGRAPHIC AREA CODE
Geographic area code n-us---
050 00 - LIBRARY OF CONGRESS CALL NUMBER
Classification number GV 865.R62
Item number .C68 2002
082 00 - DEWEY DECIMAL CLASSIFICATION NUMBER
Classification number HS 796.357
Item number C83 2002
100 1# - MAIN ENTRY--PERSONAL NAME
Personal name Covert, Kim.
9 (RLIN) 14489
245 10 - TITLE STATEMENT
Title Alex Rodriguez /
Statement of responsibility, etc Kim Covert.
260 ## - PUBLICATION, DISTRIBUTION, ETC. (IMPRINT)
Place of publication, distribution, etc Mankato, Minn. :
Name of publisher, distributor, etc Capstone High-Interest Books,
Date of publication, distribution, etc c2002.
300 ## - PHYSICAL DESCRIPTION
Extent 48 p. :
Other physical details col. ill. ;
Dimensions 23 cm.
490 1# - SERIES STATEMENT
Series statement Sports heroes
521 ## - TARGET AUDIENCE NOTE
Target audience note
526 ## - STUDY PROGRAM INFORMATION NOTE
Reading level
600 10 - SUBJECT ADDED ENTRY--PERSONAL NAME
Personal name Rodriguez, Alex,
Dates associated with a name 1975-
Form subdivision Juvenile literature.
9 (RLIN) 14490
600 11 - SUBJECT ADDED ENTRY--PERSONAL NAME
Personal name Rodriguez, Alex,
Dates associated with a name 1975-
9 (RLIN) 14491
650 #0 - SUBJECT ADDED ENTRY--TOPICAL TERM
Topical term or geographic name as entry element Baseball players
Geographic subdivision United States
Form subdivision Biography
-- Juvenile literature.
9 (RLIN) 14492
650 #1 - SUBJECT ADDED ENTRY--TOPICAL TERM
Topical term or geographic name as entry element Baseball players.
9 (RLIN) 6276
650 #1 - SUBJECT ADDED ENTRY--TOPICAL TERM
Topical term or geographic name as entry element Dominican Americans
Form subdivision Biography.
9 (RLIN) 14493
830 #0 - SERIES ADDED ENTRY--UNIFORM TITLE
Uniform title Sports heroes (Mankato, Minn.)
9 (RLIN) 14480
906 ## - LOCAL DATA ELEMENT F, LDF (RLIN)
a 7
b cbc
c orignew
d 1
e ecip
f 20
g y-gencatlg
942 ## - ADDED ENTRY ELEMENTS (KOHA)
Source of classification or shelving scheme Library of Congress Classification
Koha item type
Holdings
Withdrawn status Lost status Source of classification or shelving scheme Damaged status Home library Current library Shelving location Date acquired Total Checkouts Full call number Barcode Date last seen Copy number Price effective from Koha item type
    Library of Congress Classification   Luxembourg Library Luxembourg Library High School Section 08/28/2013   GV 865.R62 .C68 2002 17249 08/28/2013 1 08/28/2013 Books

Alex Rodriguez /

APA

Covert K., . (2002). Alex Rodriguez. Mankato, Minn: Capstone High-Interest Books.

Chicago

Covert Kim, . 2002. Alex Rodriguez. Mankato, Minn: Capstone High-Interest Books.

Harvard

Covert K., . (2002). Alex Rodriguez. Mankato, Minn: Capstone High-Interest Books.

MLA

Covert Kim, . Alex Rodriguez. Mankato, Minn: Capstone High-Interest Books. 2002.

  • Place hold
  • Print
  • Cite
  • Add to your cart (remove)
  • Save record
    BIBTEX Dublin Core MARCXML MARC (non-Unicode/MARC-8) MARC (Unicode/UTF-8) MARC (Unicode/UTF-8, Standard) MODS (XML) RIS
  • More searches
    Search for this title in:
    Other Libraries (WorldCat) Other Databases (Google Scholar) Online Stores (Bookfinder.com) Open Library (openlibrary.org)

Exporting to Dublin Core...

SOUTHVILLE LIBRARY

Southville International School and Colleges Library

1281 Tropical Ave. Cor. Luxembourg St., BF Homes International, Las Pinas City

Tel. No. 8256374 / 252358 Loc. 117/146

Powered by Koha